00658nam a2200169 a 450000100100000000500170001000800410002704000250006808200140009324501610010726000350026830000200030349000150032383000210033895201120035999900170047100002969820200930055734.0110425s1992 dr 000 0 spa d aDO-SdBNPbspacBNPHU axxxbC32200aCarta apostólica de Juan Pablo ll a los religiosos y religiosas de América Latina con ocasión del V centenario de la evangelización del nuevo mundo. aSanto Domingo :bPUCMM,c1992. a34 p. ;c23 cm.1 aDocumentos 0aDocumentos91047 0010718PDaPDbPDcCTd2011-04-25iLF1l0oxxx C322p29698-10r2020-06-25w2020-06-25yLFPDZNo se presta c29190d29190